Movies Quiz

Random Movies or Anime Quiz

Animated Movies (A-Z) Quiz Stats

 Plays Quiz Updated Aug 15, 2016

Challenge
Share
Tweet
Score 0/24 Timer 06:00
3 Plays Today
% Correct
Cars
99.1%
Bambi
98.9%
Aladdin
98.4%
Finding Nemo
97.5%
The Jungle Book
96.1%
Kung Fu Panda
95.6%
Despicable Me
94.7%
Madagascar
94.7%
Tarzan
94.5%
Up
94.3%
Happy Feet
94.1%
Lady and the Tramp
93%
% Correct
The Nightmare Before Christmas
85.4%
The Emperor's New Groove
84.5%
The Polar Express
83.9%
Zootopia
82.3%
The Iron Giant
74.2%
Gnomeo and Juliet
74%
The Rescuers
67.7%
Oliver and Company
63.7%
Yellow Submarine
53.6%
Spirited Away
49.3%
Watership Down
42.3%
Valiant
25.5%

You're not logged in!

Compare scores with friends on all Sporcle quizzes.
OR
Log In

You Might Also Like...

Show Comments

Extras

Top Quizzes Today


Score Distribution

Your Account Isn't Verified!

In order to create a playlist on Sporcle, you need to verify the email address you used during registration. Go to your Sporcle Settings to finish the process.

Report this User

Report this user for behavior that violates our Community Guidelines.

Details: